[Event "SLO-chT 34th"]
[Site "Grosuplje"]
[Date "2024.09.28"]
[Round "2.5"]
[White "Drnovsek, Nejc"]
[Black "Titan, Matej"]
[Result "1-0"]
[WhiteElo "2265"]
[BlackElo "2197"]
[PlyCount "69"]
[EventDate "2024.09.27"]
[EventType "team-tourn"]
[EventRounds "9"]
[EventCountry "SLO"]
[SourceTitle "CB40_2024"]
[Source "Chessbase"]
[SourceDate "2024.10.02"]
[SourceVersion "1"]
[SourceVersionDate "2024.10.02"]
[SourceQuality "1"]
[WhiteTeam "Maribor Branik"]
[BlackTeam "Murska Sobota Pomgrad"]
[WhiteTeamCountry "SLO"]
[BlackTeamCountry "SLO"]

1. d4 Nf6 2. c4 e6 3. Nf3 b6 4. a3 Ba6 5. Qc2 Bb7 6. Nc3 c5 7. dxc5 Bxc5 8. Bf4 Nc6 9. e3 Be7 10. Rd1 Rc8 11. Be2 Nh5 12. Bd6 Bxd6 13. Rxd6 Qe7 14. Qd1 Nf6 15. 0-0 Na5 16. Ne5 Nc6 17. f4 Nxe5 18. fxe5 Ne4 19. Nxe4 Bxe4 20. Qd4 Ba8 21. Bd3 Rc7 22. Qg4 g6 23. Qf4 0-0 24. h4 Kg7 25. Qd4 h6 26. Rf6 Rd8 27. b4 Rdc8 28. Qg4 Qe8 29. Rd4 d6 30. Rxd6 Rc6 31. Rd4 b5 32. Bxg6 fxg6 33. Rxg6+ Kh7 34. Rg7+ Kh8 35. Rdd7 1-0

[Event "SLO-chT1 East 29th"]
[Site "Slovenia"]
[Date "2019.10.18"]
[Round "7.3"]
[White "Brilej, Jaka"]
[Black "Drnovsek, Nejc"]
[Result "0-1"]
[WhiteElo "2177"]
[BlackElo "2249"]
[PlyCount "140"]
[EventDate "2019.09.06"]
[EventType "team-tourn"]
[EventRounds "9"]
[EventCountry "SLO"]
[SourceTitle "CBM 192 Extra"]
[Source "Chessbase"]
[SourceDate "2019.11.06"]
[SourceVersion "1"]
[SourceVersionDate "2019.11.06"]
[SourceQuality "1"]
[WhiteTeam "Celjski"]
[BlackTeam "Maribor II"]
[WhiteTeamCountry "SLO"]
[BlackTeamCountry "SLO"]

1. e4 e5 2. Nf3 Nc6 3. Nc3 Nf6 4. Bb5 Bb4 5. 0-0 0-0 6. d3 d6 7. Ne2 Ne7 8. c3 Ba5 9. Ng3 c6 10. Ba4 Ng6 11. d4 h6 12. Bc2 Qc7 13. Be3 Re8 14. Re1 Be6 15. a4 Bb6 16. Qd2 Ng4 17. Nf5 Nxe3 18. fxe3 Rad8 19. Kh1 Ne7 20. Qf2 exd4 21. exd4 Bxf5 22. exf5 Nd5 23. Nd2 Nf6 24. Nc4 Qd7 25. Rxe8+ Rxe8 26. Re1 Bc7 27. Rxe8+ Qxe8 28. Qe3 Qd7 29. g3 Kf8 30. Kg2 b6 31. Nd2 d5 32. Qe2 Qd6 33. Bd3 h5 34. Nf1 c5 35. dxc5 bxc5 36. Qf3 c4 37. Bb1 Qb6 38. Qf2 Qc6 39. Kh3 Bb6 40. Qc2 Ne4 41. Qe2 Nf6 42. Bc2 d4 43. cxd4 Bxd4 44. Nd2 Ng4 45. Be4 Qc5 46. Bb1 Qc6 47. Be4 Qxa4 48. Bd5 c3 49. bxc3 Bxc3 50. Ne4 Be5 51. Ng5 Qd7 52. Qf3 Nh6 53. Be6 Qe8 54. Qd5 Bf6 55. Nh7+ Kg8 56. Nxf6+ gxf6 57. Qd7 Qf8 58. Bd5 Qc5 59. Qe8+ Kg7 60. Qe4 a5 61. Bb3 Qb4 62. Qxb4 axb4 63. Bc2 Ng8 64. g4 Ne7 65. g5 Nc6 66. Kg3 Nd4 67. Be4 b3 68. Kf2 b2 69. Ke3 Nb5 70. Kd2 Na3 0-1

[Event "SLO-chT1 East"]
[Site "Slovenia"]
[Date "2018.11.09"]
[Round "7"]
[White "Turicnik, Vlado"]
[Black "Drnovsek, Nejc"]
[Result "0-1"]
[WhiteElo "2005"]
[BlackElo "2237"]
[PlyCount "108"]
[EventDate "2018.09.28"]
[EventType "team-tourn"]
[EventRounds "9"]
[EventCountry "SLO"]
[SourceTitle "EXT 2021"]
[Source "ChessBase"]
[SourceDate "2020.10.23"]
[SourceVersion "1"]
[SourceVersionDate "2020.10.23"]
[SourceQuality "1"]

1. e4 d6 2. d4 Nf6 3. Nc3 g6 4. Nf3 Bg7 5. h3 0-0 6. Be3 a6 7. Qd2 b5 8. a3 Bb7 9. Bd3 Nbd7 10. 0-0 e6 11. Bg5 Qb8 12. e5 Nd5 13. exd6 cxd6 14. Nxd5 Bxd5 15. Be2 Rc8 16. Rac1 a5 17. c3 Bc4 18. Nh2 Nf6 19. Bxf6 Bxf6 20. Ng4 Bg7 21. Bxc4 bxc4 22. Rc2 Qb7 23. Qe2 Rab8 24. Ne3 Qc6 25. f4 Rb5 26. Nd1 e5 27. dxe5 dxe5 28. f5 Rd5 29. Ne3 Rd3 30. Ng4 h5 31. Nf2 Qb6 32. fxg6 fxg6 33. Qe4 Re3 34. Qd5+ Kh7 35. Rd2 e4 36. Qd6 Rc6 37. Qd8 Qxd8 38. Rxd8 Rb6 39. Re8 Rxb2 40. Rxe4 Rxe4 41. Nxe4 Rb3 42. Rf7 Kg8 43. Rc7 Rxa3 44. Rxc4 a4 45. g4 hxg4 46. hxg4 Ra1+ 47. Kg2 a3 48. Ra4 a2 49. Ra7 Re1 50. Ra8+ Bf8 51. Nf6+ Kf7 52. Rxa2 Kxf6 53. Kf2 Re4 54. Kf3 Rc4 0-1

[Event "SLO-chT1 East"]
[Site "Slovenia"]
[Date "2016.11.25"]
[Round "7"]
[White "Korze, Danilo"]
[Black "Drnovsek, Nejc"]
[Result "0-1"]
[WhiteElo "2013"]
[BlackElo "2140"]
[PlyCount "82"]
[EventDate "2016.09.23"]
[EventType "team-tourn"]
[EventRounds "9"]
[EventCountry "SLO"]
[SourceTitle "EXT 2019"]
[Source "ChessBase"]
[SourceDate "2018.10.10"]
[SourceVersion "1"]
[SourceVersionDate "2018.10.10"]
[SourceQuality "1"]
[WhiteTeam "Fram"]
[BlackTeam "Maribor ZSK II"]
[WhiteTeamCountry "SLO"]
[BlackTeamCountry "SLO"]

1. c4 e5 2. Nc3 Nf6 3. g3 Bb4 4. Qc2 0-0 5. Bg2 Re8 6. a3 Bf8 7. d3 h6 8. Nf3 c6 9. 0-0 d5 10. b3 d4 11. Ne4 Nxe4 12. dxe4 c5 13. Ne1 Nc6 14. Nd3 g6 15. Bd2 Bg4 16. f3 Be6 17. Qc1 Kh7 18. b4 cxb4 19. axb4 Qc7 20. c5 b5 21. Ra6 Bc8 22. Qa3 Qb7 23. Ra1 Qxa6 24. Qxa6 Bxa6 25. Rxa6 Nb8 26. Ra1 a6 27. f4 f6 28. fxe5 fxe5 29. Bh3 Ra7 30. Rf1 Kg7 31. e3 Nc6 32. exd4 Nxd4 33. Be3 Nc6 34. Bc1 Rd8 35. Rf3 Nxb4 36. Nxe5 Rd1+ 37. Rf1 Bxc5+ 38. Kg2 Rxf1 39. Kxf1 Bd4 40. Nf3 Bc3 41. Ke2 a5 0-1

[Event "SLO-chT1 East"]
[Site "Slovenia"]
[Date "2015.11.06"]
[Round "4"]
[White "Brinovec, David"]
[Black "Drnovsek, Nejc"]
[Result "0-1"]
[WhiteElo "2235"]
[BlackElo "2121"]
[PlyCount "54"]
[EventDate "2015.10.16"]
[EventType "team-tourn"]
[EventRounds "9"]
[EventCountry "SLO"]
[SourceTitle "EXT 2019"]
[Source "ChessBase"]
[SourceDate "2018.10.10"]
[SourceVersion "1"]
[SourceVersionDate "2018.10.10"]
[SourceQuality "1"]
[WhiteTeam "Zalec"]
[BlackTeam "Maribor ZSK II"]
[WhiteTeamCountry "SLO"]
[BlackTeamCountry "SLO"]

1. e4 e5 2. Nf3 Nc6 3. d4 exd4 4. Nxd4 Nf6 5. Nc3 Bb4 6. Nxc6 bxc6 7. Bd3 d6 8. 0-0 h6 9. Ne2 0-0 10. a3 Bc5 11. b4 Bb6 12. Bb2 Re8 13. Ng3 Ng4 14. Be2 Nxh2 15. Nh5 Nxf1 16. Bxg7 Ng3 17. Bf6 Nxe2+ 18. Qxe2 Qd7 19. Bc3 Qe6 20. Qd2 Qg6 21. a4 Qxh5 22. a5 Qg5 23. Qd3 Bxf2+ 24. Kxf2 Qf4+ 25. Kg1 Rxe4 26. Bd2 Ba6 27. Qc3 Qe5 0-1

[Event "Skopje Karposh op"]
[Site "Skopje"]
[Date "2015.04.02"]
[Round "8"]
[White "Drnovsek, Nejc"]
[Black "Percivaldi, Martin"]
[Result "0-1"]
[WhiteElo "2135"]
[BlackElo "2344"]
[PlyCount "80"]
[EventDate "2015.03.27"]
[EventType "swiss"]
[EventRounds "9"]
[EventCountry "MKD"]
[SourceTitle "CBM 165 Extra"]
[Source "ChessBase"]
[SourceDate "2015.04.21"]
[SourceVersion "1"]
[SourceVersionDate "2015.04.21"]
[SourceQuality "1"]

1. d4 d5 2. c4 c6 3. Nf3 Nf6 4. Nc3 a6 5. c5 g6 6. h3 Bg7 7. Bf4 0-0 8. e3 Bf5 9. Be2 Nbd7 10. 0-0 Ne4 11. g4 Be6 12. Ng5 Nxg5 13. Bxg5 f5 14. f4 Nf6 15. Kg2 Qd7 16. Kg3 h6 17. Bh4 Nh7 18. Kh2 g5 19. Bg3 fxg4 20. hxg4 Nf6 21. f5 Bf7 22. Be5 Qd8 23. Bd3 Nd7 24. Bg3 Bf6 25. Bc2 Kg7 26. e4 dxe4 27. Nxe4 b6 28. Nxf6 exf6 29. Be4 Rc8 30. Qf3 bxc5 31. Rad1 Qb6 32. dxc5 Nxc5 33. b3 Nxe4 34. Qxe4 Rfe8 35. Qc2 Bd5 36. Rfe1 Qb4 37. Kh3 Qf8 38. Bf2 Qf7 39. Bc5 h5 40. Kg3 Qc7+ 0-1

[Event "Skopje Karposh op"]
[Site "Skopje"]
[Date "2015.03.31"]
[Round "6"]
[White "Drnovsek, Nejc"]
[Black "Kanakaris, Georgios"]
[Result "0-1"]
[WhiteElo "2135"]
[BlackElo "2291"]
[PlyCount "84"]
[EventDate "2015.03.27"]
[EventType "swiss"]
[EventRounds "9"]
[EventCountry "MKD"]
[SourceTitle "CBM 165 Extra"]
[Source "ChessBase"]
[SourceDate "2015.04.21"]
[SourceVersion "1"]
[SourceVersionDate "2015.04.21"]
[SourceQuality "1"]

1. d4 Nf6 2. c4 g6 3. Nf3 Bg7 4. g3 0-0 5. Bg2 d6 6. 0-0 Nbd7 7. Nc3 e5 8. e4 a6 9. Re1 exd4 10. Nxd4 Nc5 11. h3 Re8 12. Rb1 Rb8 13. f4 Ne6 14. Be3 Nxd4 15. Bxd4 c5 16. Bf2 Be6 17. Qd3 Qc7 18. Rbd1 Rbd8 19. Kh2 Bc8 20. b3 Qa5 21. Rc1 h5 22. a4 Qb4 23. Nd5 Nxd5 24. cxd5 b5 25. axb5 axb5 26. e5 Bf5 27. Be4 Bxe4 28. Rxe4 Qa3 29. Qc2 dxe5 30. Bxc5 Qa8 31. fxe5 Qxd5 32. e6 Rxe6 33. Rxe6 Qxe6 34. Rf1 h4 35. Bf2 Be5 36. Rg1 Kg7 37. Rg2 Rh8 38. Kg1 hxg3 39. Bxg3 Bd4+ 40. Bf2 Bxf2+ 41. Qxf2 Rxh3 42. Rg3 Rh5 0-1

[Event "Graz op-A 19th"]
[Site "Graz"]
[Date "2012.08.30"]
[Round "6"]
[White "Drnovsek, Nejc"]
[Black "Cojhter, Karl"]
[Result "1-0"]
[WhiteElo "2107"]
[BlackElo "2075"]
[PlyCount "54"]
[EventDate "2012.08.25"]
[EventType "swiss"]
[EventRounds "9"]
[EventCountry "AUT"]
[SourceTitle "CBM 150 Extra"]
[Source "ChessBase"]
[SourceDate "2012.10.19"]
[SourceVersion "1"]
[SourceVersionDate "2012.10.19"]
[SourceQuality "1"]

1. d4 c6 2. c4 d5 3. Nf3 Nf6 4. Nc3 g6 5. e3 Bg7 6. Be2 0-0 7. 0-0 Bg4 8. cxd5 Nxd5 9. h3 Bf5 10. Bc4 Nxc3 11. bxc3 Qa5 12. Qb3 Bc8 13. a4 Qh5 14. Ba3 Bf6 15. Nh2 Na6 16. e4 Nc7 17. e5 Bh4 18. Bc1 b5 19. axb5 cxb5 20. g4 bxc4 21. Qxc4 Bxf2+ 22. Rxf2 Qxh3 23. Qxc7 Qg3+ 24. Rg2 Qe1+ 25. Nf1 Be6 26. Qxe7 Bc4 27. Qf6 Bd5 1-0

[Event "Graz op-A 19th"]
[Site "Graz"]
[Date "2012.08.27"]
[Round "3"]
[White "Lanka, Zigurds"]
[Black "Drnovsek, Nejc"]
[Result "1-0"]
[WhiteElo "2418"]
[BlackElo "2107"]
[PlyCount "77"]
[EventDate "2012.08.25"]
[EventType "swiss"]
[EventRounds "9"]
[EventCountry "AUT"]
[SourceTitle "CBM 150 Extra"]
[Source "ChessBase"]
[SourceDate "2012.10.19"]
[SourceVersion "1"]
[SourceVersionDate "2012.10.19"]
[SourceQuality "1"]

1. e4 e5 2. Nf3 Nc6 3. Bb5 a6 4. Ba4 Nf6 5. 0-0 b5 6. Bb3 Bc5 7. a4 Rb8 8. d3 d6 9. c3 0-0 10. h3 h6 11. Nbd2 Bb6 12. Re1 Ne7 13. d4 Ng6 14. Nf1 Bb7 15. Ng3 Re8 16. d5 Nf4 17. Nf5 Bc8 18. axb5 Nxe4 19. Nxh6+ gxh6 20. Rxe4 Bf5 21. Re1 Nd3 22. Re2 Nxc1 23. Qxc1 Qf6 24. Bc2 e4 25. Nd4 Bxd4 26. cxd4 axb5 27. Qf4 Qg5 28. Qxg5+ hxg5 29. f3 Bg6 30. fxe4 b4 31. Ra4 Re7 32. Kf2 f6 33. Bd3 Kg7 34. b3 Bf7 35. Ra7 f5 36. e5 dxe5 37. d6 Rd7 38. dxe5 Be6 39. Rxc7 1-0